Countries with obelisks - Statistics

General Stats
  • This quiz has been taken 12 times
  • The average score is 7 of 11
Answer Stats
# of obelisks Country % Correct
2 United States
100%
2 France
92%
20 Italy
83%
33 Egypt
75%
1 Germany
75%
6 United Kingdom
75%
1 Turkey
67%
1 Israel
58%
2 Lebanon
42%
1 Vatican City
42%
1 Poland
33%
No matching quizzes found
Score Distribution
Percent of People with Each Score
Percentile by Number Answered
Your Score History
You have not taken this quiz